01170nam a2200265 a 4500001001000000003000400010005001700014008004100031040002500072100002700097245010900124260006600233300002100299490002000320500006800340590002800408700003600436700004100472910002200513942001300535952010800548952011400656952011700770999001700887000019284OSt20200929165955.0100531s1990 cu 000 0 spa d aDO-SdBNPbspacBNPHU1 aFeria, Lina de,94147410aA mansalva de los años /cLina de Feria ; edición Bertha Hernández, prólogo José Prats Sariol. aLa Habana :bUnión de Escritores y Artistas de Cuba,c1990. a170 p. ;c19 cm.1 aConteporáneos aIncluye datos biográficos de la autora en la contracoportada. aInventariado, 2020 / DG1 aHernández, Berthaeed.9414751 aPrats Sariol, Joséepról.941476 aEn catalogaciòn 2ddccLF1 00102ddc50718MOaGRbGRcCTd2010-05-31eDonaciòniLF1l0o p19284-10r2020-06-25w2020-06-25y1 00102ddc50718MOaGRbGRcCTd2010-05-31eDonaciòniLF1l0o p19284-20r2020-06-25te. 2w2020-06-25y1 001154708MOaGRbGRcMId2017-04-06iLF1l0o p19284-30r2020-06-25te. 3w2020-06-25y4ZPréstamo en sala c18802d18802